Statystyki dla Duże miasta bez klubów piłkarskich grających w Ekstraklasie

Kliknij tutaj aby rozwiązać quiz!

Ogólne statystyki

  • Ten quiz został rozwiązany 1 053 razy
  • Średni wynik to 11 z 15

Statystyki odpowiedzi

Nazwa KlubuMiasto% Poprawnych
RadomiakRadom
98%
MotorLublin
96%
GKSKatowice
90%
PodbeskidzieBielsko-Biała
88%
StomilOlsztyn
88%
ZagłębieSosnowiec
85%
ElanaToruń
85%
OdraOpole
83%
StalRzeszów
69%
FalubazZielona Góra
69%
PoloniaBytom
68%
ROWRybnik
65%
StilonGorzów Wielkopolski
54%
GKSTychy
54%
SlaviaRuda Śląska
11%

Rozkład punktacji

Percentyl według liczby udzielonych odpowiedzi

Procent ludzi z każdym wynikiem

Twoja historia wyników

Nie rozwiązałeś tego quizu